Statistics for Game of Thrones Episode Titles Seasons 1-7

Click here to take the quiz!

General Stats

  • This quiz has been taken 1,766 times
    (1,155 since last reset)
  • The average score is 34 of 67

Answer Stats

Hint Answer % Correct
Season 1 Episode 1Winter Is Coming
89%
Season 6 Episode 9Battle of the Bastards
75%
Season 1 Episode 9Baelor
75%
Season 2 Episode 9Blackwater
71%
Season 1 Episode 2The Kingsroad
68%
Season 3 Episode 9The Rains of Castamere
68%
Season 1 Episode 10Fire and Blood
65%
Season 4 Episode 2The Lion and the Rose
65%
Season 5 Episode 8Hardhome
64%
Season 7 Episode 1Dragonstone
63%
Season 6 Episode 10The Winds of Winter
63%
Season 7 Episode 6Beyond the Wall
62%
Season 4 Episode 8The Mountain and the Viper
62%
Season 1 Episode 4Cripples, Bastards, and Broken Things
61%
Season 1 Episode 5The Wolf and the Lion
61%
Season 7 Episode 7The Dragon and the Wolf
60%
Season 3 Episode 10Mhysa
59%
Season 2 Episode 10Valar Morghulis
58%
Season 4 Episode 9The Watchers on the Wall
56%
Season 1 Episode 3Lord Snow
56%
Season 3 Episode 1Valar Dohaeris
56%
Season 4 Episode 10The Children
55%
Season 6 Episode 1The Red Woman
55%
Season 6 Episode 5The Door
55%
Season 4 Episode 4Oathkeeper
54%
Season 1 Episode 6A Golden Crown
53%
Season 7 Episode 5Eastwatch
53%
Season 1 Episode 8The Pointy End
52%
Season 3 Episode 6The Climb
51%
Season 4 Episode 1Two Swords
51%
Season 7 Episode 4The Spoils of War
51%
Season 1 Episode 7You Win or You Die
50%
Season 3 Episode 7The Bear and the Maiden Fair
49%
Season 5 Episode 10Mother's Mercy
49%
Season 2 Episode 1The North Remembers
49%
Season 5 Episode 6Unbowed, Unbent, Unbroken
49%
Season 7 Episode 2Stormborn
48%
Season 6 Episode 3Oathbreaker
47%
Season 6 Episode 2Home
47%
Season 5 Episode 2The House of Black and White
45%
Season 2 Episode 3What Is Dead May Never Die
45%
Season 4 Episode 7Mockingbird
45%
Season 2 Episode 5The Ghost of Harrenhal
45%
Season 3 Episode 5Kissed by Fire
44%
Season 3 Episode 8Second Sons
44%
Season 6 Episode 8No One
44%
Season 2 Episode 8The Prince of Winterfell
44%
Season 7 Episode 3The Queen's Justice
43%
Season 5 Episode 9The Dance of Dragons
43%
Season 3 Episode 2Dark Wings, Dark Words
42%
Season 5 Episode 3High Sparrow
42%
Season 3 Episode 4And Now His Watch Is Ended
42%
Season 4 Episode 6The Laws of Gods and Men
41%
Season 4 Episode 5First of His Name
41%
Season 4 Episode 3Breaker of Chains
41%
Season 2 Episode 4Garden of Bones
41%
Season 5 Episode 7The Gift
40%
Season 5 Episode 4Sons of the Harpy
40%
Season 2 Episode 2The Night Lands
39%
Season 2 Episode 6The Old Gods and the New
38%
Season 6 Episode 7The Broken Man
38%
Season 5 Episode 5Kill the Boy
38%
Season 5 Episode 1The Wars to Come
37%
Season 6 Episode 4Book of the Stranger
37%
Season 3 Episode 3Walk of Punishment
37%
Season 6 Episode 6Blood of My Blood
37%
Season 2 Episode 7A Man Without Honor
37%

Score Distribution

Percentile by Number Answered

Percent of People with Each Score

Your Score History

You have not taken this quiz since the last reset